000 01329nam a2200325 c 4500
999 _c182544
_d182544
003 BLK
005 20241009005440.0
008 180411b bul|||||r ||||||| ||bul||
010 _aKNG00191469000
040 _aBLK
041 _aBUL
_cBUL
080 _aНемска литература
_b821.112.2
_x-31
_z821.112.2-31
100 1 _aГьоте, Йохан Волфганг
_eпърви автор
_9323081
139 _aГьоте, Йохан Волфганг
_bГ 97
245 1 0 _aСтраданията на младия Вертер
_bРоман
_cЙохан Волфганг Гьоте; прев. от нем. Асен Разцветников.
250 _a5. изд.
257 _aDEU
260 _bНар. култура
_c1980
_fВраца : В. Александров
300 _a156 с.
_c17 см
380 _aX
500 _aВ кн. означено 7. изд. - 1. изд. 1929. - 40 125 тир.
700 1 _aРазцветников, Асен
_d1897 - 1951
_qКоларов, Асен Петков
_eпрев. от нем.
_gКоларов, Асен Петков
_9114515
852 _aЦб І 18126
856 4 _qpdf
856 4 _qpdf
942 _cKNG
_n0
_08
_s1
944 _aCR
_c04.10.2016
_k
_lCRON CRON
944 _aED
_c04.10.2016
_kРадостина_Карадакова
999 _d182544